000
00179nam a2200085Ia 4500
008
240331s9999 xx 000 0 und d
100
_a
Durai,S
245
0
_a
Marxsiya nokku
942
_c
L
999
_c
4621
_d
4621